Представление документа в формате MARC21

ПолеНазваниеЗначение
  Тип записи a
  Библиографический уровень m
001 Контрольный номер RU\infra-m\znanium\bibl\2178377
005 Дата корректировки 20260429142154.7
008 Кодируемые данные 260402s2025 RU g rus u
020 Индекс ISBN __
a ISBN 978-5-16-016098-6
020 Индекс ISBN __
a ISBN 978-5-16-108467-0 (электр. издание)
040 Источник каталогиз. __
a Служба первич. каталог. Общество с ограниченной ответственностью «ЗНАНИУМ»
041 Код языка издания __
a Код языка текста rus
044 Код страны публикации __
a Код страны публикации RU
080 Индекс УДК __
a Индекс УДК 349.6(075.8)
084 Индекс другой классификации/Индекс ББК __
2 Источник индекса rubbk
a Индекс другой классификации/Индекс ББК 67.407я73
084 Индекс другой классификации/Индекс ББК __
2 Источник индекса okso
a Индекс другой классификации/Индекс ББК 00.03.08
084 Индекс другой классификации/Индекс ББК __
2 Источник индекса okso
a Индекс другой классификации/Индекс ББК 40.03.01
100 Автор __
a Автор Барбашова Н.В.
q Полное имя Барбашова Наталья Владимировна
u Дополнение Донецкий национальный университет
245 Заглавие __
a Заглавие Экологическое право
b Продолж. заглавия Учебник
c Ответственность Донецкий национальный университет
250 Сведения об издании __
a Основные сведения об издании 1
260 Выходные данные __
a Место издания Москва
b Издательство ООО "Научно-издательский центр ИНФРА-М"
c Дата издания 2025
300 Физическое описание __
a Объем 538 с.
440 Серия __
a Серия Высшее образование: Специалитет
520 Аннотация __
a Аннотация В учебнике излагается курс «Экологическое право». Особое внимание уделено современным проблемам экологического права и новациям в экологическом законодательстве России. С использованием научной литературы освещаются вопросы экологической безопасности роли инноваций и региональных факторов в осуществлении охраны окружающей среды. Рассматриваются такие вопросы как экологические права человека гражданско-правовая ответственность за экологические правонарушения и проблемы обеспечения ядерной и радиационной безопасности. Нормативный материал приведен по состоянию на 1 июня 2021 г. Соответствует требованиям федеральных государственных образовательных стандартов высшего образования последнего поколения. Для студентов специалитета аспирантов преподавателей юридических вузов а также специалистов осуществляющих деятельность в природоохранной сфере.
521 Примеч. о цел. назн. __
a Примеч. о целев. назн. ВО - Специалитет
650 Тематические рубрики __
a Основная рубрика Право. Юридические науки
x Основная подрубрика Экологическое право
655 Указ. предметных рубрик (устаревшее) __
a Жанр/ форма (устаревшее) Учебник
856 Электронный адрес документа 4_
a Имя сервера/домена znanium.ru
m Помощь ebs_support@infra-m.ru
n Местонахождение сервера НИЦ ИНФРА-М
u URL https://znanium.ru/catalog/document?id=466795
856 Электронный адрес документа 48
a Имя сервера/домена znanium.ru
d Путь /cover/2178
f Электронное имя 2178377.jpg
q Тип электронного формата image/jpeg
u URL https://znanium.ru/cover/2178/2178377.jpg
911 __
u 0030=https://znanium.ru/catalog/document?id=466795